Liečba mastitídy dojníc - je alebo nie je potrebná?

Bibliographic Details
Main Author: Vasiľ, Milan, 1953- (Author)
Format: Article
Language:Slovak
ISSN:1335-1990
Subjects:

MARC

LEADER 00000nab a2200000 a 4500
001 vtls008295422
003 SK-MaSNL
005 20260304214828.0
008 250505c2005 xo mr|p|||||||000 b|slo
015 |a SNBRB2005/08  |2 snkbucl 
035 |a urn:nbn:sk:snk-ab87wb 
035 |a (urnnbn)urn:nbn:sk:snk:ar-006pre 
035 |a (uuid)d9027c18-b920-4b80-9736-21b754bd5022 
038 |a SNKBUCL 
040 |a SNKBUCL  |b slo  |c SNKBUCL  |e AACR2 
041 0 |a slo 
044 |a xo  |c SK 
080 |a 636.2.09:618.19-002-08  |2 1997 
080 |a 619:618.19-002-08  |2 1997 
100 1 |a Vasiľ, Milan,  |d 1953-  |4 aut  |9 215838 
245 1 0 |a Liečba mastitídy dojníc - je alebo nie je potrebná?  |c Milan Vasiľ 
650 0 7 |a mliečny dobytok  |2 SNKPH  |9 67365 
650 0 7 |a choroby hospodárskych zvierat  |2 SNKPH  |9 68493 
650 0 7 |a prevencia ochorení  |2 SNKPH  |9 69501 
650 0 7 |a terapia  |2 SNKPH  |9 781 
650 0 7 |a mastitída (veterinárna medicína)  |2 SNKPH  |9 224559 
773 0 |t Slovenský chov  |g Roč. 10, č. 5 (2005), s. 35-36  |x 1335-1990 
850 |a Slovenská národná knižnica 
852 |a Slovenská národná knižnica 
954 |a odborná, vedecká literatúra pôvodná (slovenská)  |2 lita 
958 |a article9 
958 |a OND 
958 |a EUIPO 
999 |c 3143464  |d 3145394